000 00256nam a2200097Ia 4500
001 640754
005 20250826153453.0
008 250824s9999 xx 000 0 und d
245 0 _aBARBAROSSA GİZEMLİ HAZİNE
_cMEHMET ATILGAN ASLAN
260 _bGENÇ TİMAŞ
999 _c640754
_d640754